000 00654nas a2200229 4500
001 BR2015000177
003 BR-BrBNA
005 20231205124908.0
007 ta
008 230509b bl.|||p| |||| 00| 00por d
040 _aBR-BrBNA
_bpor
_cBiblioteca Nacional de Agricultura
041 _a(Pt)
072 _aL51
100 1 _aAssis, F. de P.
245 1 _aAlimentação eficiente do gado leiteiro
650 _aGADO LEITEIRO
650 _aPRODUCAO LEITEIRA
650 _aNUTRICAO ANIMAL
773 0 _tZootecnia (Brazil)
_xISSN 0044-5320
_g(1963), no. 4 p. 45-48
_wBR2015000177
909 _a202311
_bLúcia
_c55
_dLúcia Elande
942 _2AGRIS
_n0
_cANA
999 _c241481
_d241481